Goan society in transition: a study in social change (Record no. 419560)

000 -LEADER
fixed length control field 00444cam a22001337a 4500
008 - FIXED-LENGTH DATA ELEMENTS--GENERAL INFORMATION
fixed length control field 180718b1975 xxu||||| |||| 00| 0 eng d
082 ## - DEWEY DECIMAL CLASSIFICATION NUMBER
Classification number B19x5445 D849
100 ## - MAIN ENTRY--PERSONAL NAME
Personal name D'Souza, Bento Graciano
245 ## - TITLE STATEMENT
Title Goan society in transition: a study in social change
Statement of responsibility, etc. by Bento Graciano D'Souza
260 ## - PUBLICATION, DISTRIBUTION, ETC.
Place of publication, distribution, etc. Bombay
Name of publisher, distributor, etc. Popular Prakashan
Date of publication, distribution, etc. 1975
300 ## - PHYSICAL DESCRIPTION
Extent viii, 364p
650 ## - SUBJECT ADDED ENTRY--TOPICAL TERM
Topical term or geographic name entry element Goa, Daman and Diu (India) --Social conditions.
650 ## - SUBJECT ADDED ENTRY--TOPICAL TERM
Topical term or geographic name entry element Social change
Holdings
Withdrawn status Lost status Damaged status Not for loan Permanent Location Current Location Date acquired Full call number Barcode Date last seen Price effective from Koha item type
        Indian Institute of Public Administration Indian Institute of Public Administration 2009-07-06 B19x5445 D849 51021 2018-07-21 2018-07-21 Book

Powered by Koha